[Event "CAN-ch Universities"]
[Site "Montreal CAN"]
[Date "2025.01.24"]
[Round "1.21"]
[White "Docheshmeh, Amir Mohammad"]
[Black "Kang, Dorian"]
[Result "0-1"]
[WhiteElo "2034"]
[BlackElo "2302"]
[WhiteFideId "-1"]
[WhiteFideId "-1"]
[PlyCount "74"]
[GameId "2144521137787035"]
[EventDate "2025.01.24"]
[EventType "team"]
[EventRounds "5"]
[EventCountry "CAN"]
[WhiteTeam "Western A"]
[BlackTeam "Waterloo A"]

1. e4 c5 2. Nc3 Nc6 3. f4 g6 4. Nf3 Bg7 5. Bb5 Nd4 6. Nxd4 cxd4 7. Ne2 Qb6 8. Bd3 d6 9. O-O h5 10. Kh1 h4 11. h3 Nf6 12. Qe1 e5 13. Qf2 Be6 14. c3 Qc6 15. cxd4 Nxe4 16. Bxe4 Qxe4 17. fxe5 dxe5 18. dxe5 Bxe5 19. d4 Bg7 20. Be3 Qc2 21. Nf4 Qxf2 22. Bxf2 Bf5 23. Rfe1+ Kd7 24. Nd5 Rae8 25. Rac1 Rxe1+ 26. Rxe1 Kd6 27. Nc3 Bf6 28. Bg1 Kd7 29. Nd5 Bg5 30. Bh2 Rc8 31. b3 Rc2 32. a4 Rb2 33. Bb8 Be6 34. Nf4 Bxf4 35. Bxf4 Bd5 36. Rg1 Rxb3 37. Bg5 Rxh3# 0-1

[Event "CAN-ch Universities"]
[Site "Montreal CAN"]
[Date "2025.01.24"]
[Round "1.22"]
[White "Lalonde, Olivier"]
[Black "Noorali, Aahil"]
[Result "1-0"]
[WhiteElo "2276"]
[BlackElo "2054"]
[WhiteFideId "-1"]
[WhiteFideId "-1"]
[PlyCount "99"]
[GameId "2144521137787036"]
[EventDate "2025.01.24"]
[EventType "team"]
[EventRounds "5"]
[EventCountry "CAN"]
[WhiteTeam "Waterloo A"]
[BlackTeam "Western A"]

1. e4 e5 2. Nf3 Nc6 3. Bb5 a6 4. Ba4 Nf6 5. O-O Be7 6. Re1 b5 7. Bb3 d6 8. c3 O-O 9. h3 Na5 10. Bc2 c5 11. d4 cxd4 12. cxd4 Nc6 13. Nc3 Re8 14. d5 Nb8 15. Bd3 Nbd7 16. b4 Nb6 17. a4 bxa4 18. Nxa4 Bd7 19. Nb2 Bb5 20. Ra5 Qd7 21. Be3 Reb8 22. Bxb5 axb5 23. Bxb6 Rxa5 24. Bxa5 Ne8 25. Qd3 g6 26. Rc1 f5 27. Qe2 fxe4 28. Nd2 Nf6 29. Rc7 Qe8 30. Nxe4 Nxd5 31. Ra7 Nf4 32. Qc2 d5 33. Nc5 e4 34. Bc7 Bg5 35. Bxb8 Qxb8 36. Ra6 Qc8 37. Qb3 Qf5 38. Ra8+ Kg7 39. Ra7+ Kg8 40. Nd1 Ne2+ 41. Kf1 Nd4 42. Qg3 Nc6 43. Ra8+ Kg7 44. Qc7+ Ne7 45. Qd7 Qe5 46. Ne6+ Kh6 47. Nxg5 Qxg5 48. Ne3 Nf5 49. Nxf5+ gxf5 50. Ra6+ 1-0

[Event "CAN-ch Universities"]
[Site "Montreal CAN"]
[Date "2025.01.24"]
[Round "1.23"]
[White "Cheng, Jacob"]
[Black "Surya, Benito"]
[Result "0-1"]
[WhiteElo "1617"]
[BlackElo "2198"]
[WhiteFideId "-1"]
[WhiteFideId "-1"]
[PlyCount "108"]
[GameId "2144521137787037"]
[EventDate "2025.01.24"]
[EventType "team"]
[EventRounds "5"]
[EventCountry "CAN"]
[WhiteTeam "Western A"]
[BlackTeam "Waterloo A"]

1. e4 d5 2. exd5 Qxd5 3. Nf3 Nf6 4. Nc3 Qa5 5. Bc4 Bf5 6. O-O e6 7. d4 Be7 8. Re1 c6 9. Bf4 O-O 10. Ne2 h6 11. Ng3 Bh7 12. c3 Nbd7 13. Qb3 Qb6 14. a4 Nd5 15. Bd2 Qc7 16. Rad1 Bd6 17. Ne4 Bf4 18. g3 Bxd2 19. Rxd2 b6 20. Rde2 a6 21. Ra1 b5 22. Bd3 Rae8 23. Nc5 Nxc5 24. Bxh7+ Kxh7 25. dxc5 e5 26. Rae1 f6 27. h4 Qd7 28. Qc2+ Kg8 29. Re4 Qh3 30. Qe2 Nc7 31. Qf1 Qf5 32. Qe2 Rd8 33. Kg2 Rd5 34. b4 Rfd8 35. Qa2 Kh8 36. axb5 axb5 37. Qc2 Ne6 38. R4e2 Nf4+ 39. gxf4 Qg4+ 40. Kh2 Qxf4+ 41. Kg2 Qg4+ 42. Kh2 Qxf3 43. Qe4 Qxc3 44. Re3 Qb2 45. R1e2 Qa1 46. Re1 Qa4 47. Rg3 Rd4 48. Qg6 Rxh4+ 49. Kg2 Rg8 50. Rb1 Qa2 51. Rd1 Qe2 52. Rd6 Rf4 53. Rd7 Rxf2+ 54. Kh1 Qf1+ 0-1

[Event "CAN-ch Universities"]
[Site "Montreal CAN"]
[Date "2025.01.24"]
[Round "1.31"]
[White "Tanaka, Tyler"]
[Black "Ahmed, Syed Ibrahim"]
[Result "1/2-1/2"]
[WhiteElo "2377"]
[BlackElo "1939"]
[WhiteFideId "-1"]
[WhiteFideId "-1"]
[PlyCount "132"]
[GameId "2144521137787039"]
[EventDate "2025.01.24"]
[EventType "team"]
[EventRounds "5"]
[EventCountry "CAN"]
[WhiteTeam "McGill A"]
[BlackTeam "Queens A"]

1. Nf3 Nf6 2. g3 g6 3. b3 Bg7 4. Bb2 O-O 5. Bg2 c5 6. c4 Nc6 7. O-O a6 8. Nc3 e5 9. d3 d6 10. Qd2 Bg4 11. Ng5 Qd7 12. Nd5 h6 13. Nxf6+ Bxf6 14. Ne4 Bg7 15. f4 Qe7 16. Rae1 Be6 17. Kh1 Rad8 18. Nc3 Kh7 19. Nd5 Bxd5 20. Bxd5 Nb4 21. f5 Nxd5 22. cxd5 g5 23. b4 b6 24. a4 Bf6 25. e4 Rc8 26. Qc3 Qd7 27. Qb3 b5 28. bxc5 bxa4 29. c6 axb3 30. cxd7 Rcd8 31. Ra1 Rxd7 32. Rxa6 Rb8 33. Rc1 g4 34. Rcc6 Bg5 35. Rxd6 Rdb7 36. Ra1 Rc8 37. Rc6 Rxc6 38. dxc6 Rb6 39. Ra7 Rxc6 40. Rxf7+ Kg8 41. Rb7 Rc2 42. Rxb3 Be3 43. Ba3 Ra2 44. Bb2 Kf7 45. Bxe5 Rd2 46. Rb7+ Ke8 47. Rb1 Rxd3 48. Re1 Bc5 49. Bf4 h5 50. Kg2 Rb3 51. Re2 Rb1 52. h3 Kf7 53. hxg4 hxg4 54. Ra2 Rg1+ 55. Kh2 Re1 56. e5 Bd4 57. f6 Bxe5 58. Bg5 Kg6 59. Bh4 Bxf6 60. Ra6 Rf1 61. Kg2 Rf3 62. Ra4 Kh5 63. Ra5+ Kg6 64. Ra4 Kh5 65. Bxf6 Rxf6 66. Ra5+ Kg6 1/2-1/2

[Event "CAN-ch Universities"]
[Site "Montreal CAN"]
[Date "2025.01.24"]
[Round "1.32"]
[White "Cao, Bruce"]
[Black "Genzling, Jerome"]
[Result "0-1"]
[WhiteElo "1913"]
[BlackElo "2219"]
[WhiteFideId "-1"]
[WhiteFideId "-1"]
[PlyCount "80"]
[GameId "2144521137787040"]
[EventDate "2025.01.24"]
[EventType "team"]
[EventRounds "5"]
[EventCountry "CAN"]
[WhiteTeam "Queens A"]
[BlackTeam "McGill A"]

1. d4 d5 2. c4 e6 3. g3 a6 4. Bg2 dxc4 5. Nf3 Nc6 6. O-O Rb8 7. Bf4 Nf6 8. Bg5 Be7 9. e3 O-O 10. Nfd2 Na5 11. Qa4 b6 12. Nxc4 Bd7 13. Qc2 Nxc4 14. Qxc4 Bb5 15. Qc2 Bxf1 16. Bxf1 a5 17. Nc3 h6 18. Bxf6 Bxf6 19. a4 c5 20. dxc5 bxc5 21. Bb5 Bxc3 22. Qxc3 Qb6 23. Rc1 Rbc8 24. Qe5 Rfd8 25. b3 Rd5 26. Qe4 Qd8 27. Be2 Rd2 28. Kf1 Qf6 29. Rc2 Rcd8 30. Qc4 Qf5 31. Rc1 Rb2 32. e4 Qh3+ 33. Kg1 Rdd2 34. Bf1 Qg4 35. Qxc5 Qxe4 36. Qxa5 Rxf2 37. Qd8+ Kh7 38. Bd3 Rg2+ 39. Kh1 Rxh2+ 40. Kg1 Rh1# 0-1

[Event "CAN-ch Universities"]
[Site "Montreal CAN"]
[Date "2025.01.24"]
[Round "1.33"]
[White "Wu, Tony"]
[Black "Faizy, Mohammed"]
[Result "1-0"]
[WhiteElo "1984"]
[BlackElo "1914"]
[WhiteFideId "-1"]
[WhiteFideId "-1"]
[PlyCount "135"]
[GameId "2144521137787041"]
[EventDate "2025.01.24"]
[EventType "team"]
[EventRounds "5"]
[EventCountry "CAN"]
[WhiteTeam "McGill A"]
[BlackTeam "Queens A"]

1. d4 Nf6 2. g3 e6 3. Bg2 c5 4. Nf3 cxd4 5. O-O d5 6. Nxd4 e5 7. Nb3 Be6 8. c4 Nc6 9. cxd5 Nxd5 10. Bd2 Be7 11. Nc3 Nxc3 12. Bxc3 Qxd1 13. Rfxd1 f6 14. Bd2 Rd8 15. Be3 O-O 16. Bxc6 bxc6 17. Rdc1 Bd5 18. Na5 Rc8 19. Bc5 Bxc5 20. Rxc5 Rb8 21. b3 Rb5 22. Rxb5 cxb5 23. Rd1 Be6 24. Rd6 Bh3 25. f3 Rc8 26. Nc6 Rc7 27. g4 h5 28. g5 fxg5 29. Kf2 g4 30. fxg4 Bxg4 31. Nxe5 Bf5 32. Rd5 Rc2 33. a3 a6 34. Nf3 Bg4 35. Rd6 Bxf3 36. Kxf3 Rc3+ 37. Rd3 Rc6 38. Kf4 Kf7 39. e4 Kf6 40. h4 Ke6 41. e5 a5 42. Ke4 a4 43. bxa4 bxa4 44. Rd4 Ra6 45. Kf4 Ra5 46. Rd6+ Ke7 47. Kf5 Rc5 48. Ra6 Rc4 49. Ra7+ Kd8 50. Kg5 Re4 51. Kxh5 Rxe5+ 52. Kg6 Re4 53. h5 Rg4+ 54. Kf5 Rg1 55. Rxa4 Rb1 56. Ra7 Rg1 57. a4 Ke8 58. a5 Kf8 59. a6 Kg8 60. Rc7 Ra1 61. a7 Kh7 62. Ke5 Ra6 63. Kd5 Ra1 64. Kc6 Kh6 65. Kb7 Rb1+ 66. Kc8 Ra1 67. Kb8 Kxh5 68. Rxg7 1-0

[Event "CAN-ch Universities"]
[Site "Montreal CAN"]
[Date "2025.01.24"]
[Round "1.34"]
[White "Capello, Jordan"]
[Black "Stoica, Savas Marin"]
[Result "1/2-1/2"]
[WhiteElo "1921"]
[BlackElo "1992"]
[WhiteFideId "-1"]
[WhiteFideId "-1"]
[PlyCount "173"]
[GameId "2144521137787042"]
[EventDate "2025.01.24"]
[EventType "team"]
[EventRounds "5"]
[EventCountry "CAN"]
[WhiteTeam "Queens A"]
[BlackTeam "McGill A"]

1. e4 c5 2. Nf3 Nc6 3. d4 cxd4 4. Nxd4 Nf6 5. Nc3 d6 6. Be2 g6 7. O-O Bg7 8. Be3 O-O 9. Nb3 Be6 10. f4 Rc8 11. h3 Na5 12. e5 Ne8 13. Bxa7 Nxb3 14. axb3 dxe5 15. Qxd8 Rxd8 16. Bb6 Rc8 17. Bd3 Nd6 18. fxe5 Bxe5 19. Rfe1 Bxc3 20. bxc3 Rxc3 21. Bd4 Rc7 22. c4 Rd7 23. Bf2 Bf5 24. Bf1 Nc8 25. g4 Bc2 26. b4 Rfd8 27. c5 Bd3 28. Bg2 Bc4 29. c6 bxc6 30. Bxc6 Rd3 31. Bg2 Kf8 32. Rac1 Bd5 33. Bf1 Rb3 34. b5 Nd6 35. b6 Rb8 36. Red1 Be6 37. Rc7 h5 38. Rd4 hxg4 39. hxg4 R3xb6 40. Rc1 Rb1 41. Rxb1 Rxb1 42. Kg2 Rb2 43. Ra4 Bd5+ 44. Kg1 f6 45. Bd3 Kf7 46. Rd4 Be6 47. Bg3 Rd2 48. Bxg6+ Kxg6 49. Rxd2 Ne4 50. Re2 Ng5 51. Kg2 Kf7 52. Bh4 Bxg4 53. Re3 Ne6 54. Ra3 Nf8 55. Ra7 Bd7 56. Bf2 Bc6+ 57. Kg3 Ng6 58. Rc7 Bd5 59. Bc5 f5 60. Ra7 Kf6 61. Bd4+ Kg5 62. Be3+ Kf6 63. Bd4+ e5 64. Ra6+ Be6 65. Bc3 f4+ 66. Kf3 Kf5 67. Ra5 Bb3 68. Ke2 Bc2 69. Rc5 Be4 70. Ra5 Bb7 71. Kf2 Ke6 72. Rb5 Bc6 73. Rc5 Bd5 74. Rb5 Ne7 75. Bd2 Nc6 76. Bc1 Nd4 77. Rb6+ Bc6 78. Bb2 Kd5 79. Ra6 Bb5 80. Rb6 Bc4 81. Rb4 Nc6 82. Rb7 e4 83. Rf7 f3 84. Rxf3 exf3 85. Kxf3 Be2+ 86. Kxe2 Nd4+ 87. Bxd4 1/2-1/2

[Event "CAN-ch Universities"]
[Site "Montreal CAN"]
[Date "2025.01.24"]
[Round "1.41"]
[White "Madanchi, Ata"]
[Black "Zhang, Henry"]
[Result "0-1"]
[WhiteElo "2021"]
[BlackElo "2133"]
[WhiteFideId "-1"]
[WhiteFideId "-1"]
[PlyCount "84"]
[GameId "2144521137787043"]
[EventDate "2025.01.24"]
[EventType "team"]
[EventRounds "5"]
[EventCountry "CAN"]
[WhiteTeam "McGill B"]
[BlackTeam "U Toronto B"]

1. e4 c5 2. Nc3 d6 3. g3 Nf6 4. Bg2 g6 5. Nge2 Nc6 6. O-O Bg7 7. d3 Rb8 8. f4 O-O 9. h3 Nd7 10. g4 b5 11. Ng3 b4 12. Nce2 a5 13. Rb1 a4 14. f5 b3 15. c3 Ba6 16. axb3 axb3 17. Ra1 Qb6 18. g5 Ra8 19. Be3 Rfb8 20. Nf4 Nce5 21. h4 Bb7 22. Rb1 Qd8 23. h5 Nf8 24. hxg6 hxg6 25. fxg6 fxg6 26. Qxb3+ c4 27. Qd1 cxd3 28. Bh3 d5 29. Ne6 Qd6 30. Nxg7 Kxg7 31. Bg2 Ne6 32. Bd4 dxe4 33. Bf2 Nf3+ 34. Bxf3 exf3 35. Re1 Ra5 36. Ne4 Qf4 37. Qxd3 Rxg5+ 38. Kf1 Rd5 39. Qe3 Ba6+ 40. c4 Bxc4+ 41. Kg1 Rg5+ 42. Nxg5 Qg4+ 0-1

[Event "CAN-ch Universities"]
[Site "Montreal CAN"]
[Date "2025.01.24"]
[Round "1.42"]
[White "Zheng, Victor"]
[Black "Gignoux-Pezzetti, Nathan"]
[Result "1-0"]
[WhiteElo "2192"]
[BlackElo "1888"]
[WhiteFideId "-1"]
[WhiteFideId "-1"]
[PlyCount "117"]
[GameId "2144521137787044"]
[EventDate "2025.01.24"]
[EventType "team"]
[EventRounds "5"]
[EventCountry "CAN"]
[WhiteTeam "U Toronto B"]
[BlackTeam "McGill B"]

1. Nf3 d5 2. g3 Nf6 3. Bg2 e6 4. O-O Bd6 5. d4 O-O 6. Nbd2 Nbd7 7. b3 e5 8. dxe5 Nxe5 9. Bb2 Re8 10. Rc1 Bg4 11. c4 dxc4 12. Nxc4 Bxf3 13. exf3 Nxc4 14. Rxc4 Qe7 15. f4 c6 16. Qa1 Ba3 17. Bc3 a5 18. Re1 Qd6 19. Rd1 Qe7 20. Bf3 Bb4 21. Be5 Rad8 22. Rcd4 Bc5 23. R4d2 Rxd2 24. Rxd2 Nd7 25. Bxg7 Qe1+ 26. Qxe1 Rxe1+ 27. Kg2 Kxg7 28. Rxd7 Re7 29. Rd8 Re6 30. Rb8 b6 31. Rc8 Rd6 32. Bxc6 Rd2 33. Rc7 Rxf2+ 34. Kh3 Re2 35. Bd5 Re7 36. Rc6 h6 37. Kg4 Rd7 38. Bc4 Rd6 39. Rc7 Rf6 40. Rd7 Bb4 41. Kf3 Ba3 42. h4 Bc1 43. Ke4 Kg6 44. Rd1 Ba3 45. g4 Bc5 46. f5+ Kg7 47. Rd7 Kf8 48. g5 hxg5 49. hxg5 Rd6 50. Rxf7+ Ke8 51. g6 Rd4+ 52. Ke5 Rg4 53. Bb5+ Kd8 54. Rd7+ Kc8 55. g7 Ba3 56. Ke6 Bb2 57. Ba6+ Kb8 58. Rd8+ Ka7 59. g8=Q 1-0

[Event "CAN-ch Universities"]
[Site "Montreal CAN"]
[Date "2025.01.24"]
[Round "1.43"]
[White "Ratnesan, Rajeiv"]
[Black "Qiao, Cindy"]
[Result "0-1"]
[WhiteElo "1860"]
[BlackElo "2147"]
[WhiteFideId "-1"]
[WhiteFideId "-1"]
[PlyCount "118"]
[GameId "2144521137787045"]
[EventDate "2025.01.24"]
[EventType "team"]
[EventRounds "5"]
[EventCountry "CAN"]
[WhiteTeam "McGill B"]
[BlackTeam "U Toronto B"]

1. Nf3 d5 2. c4 e6 3. b3 Nf6 4. g3 Be7 5. Bg2 O-O 6. O-O b6 7. Bb2 Bb7 8. e3 Nbd7 9. d3 c5 10. Nbd2 Qc7 11. Qc2 Rfd8 12. Rac1 Rac8 13. cxd5 Nxd5 14. e4 Nb4 15. Qb1 Ba6 16. Nc4 Bf6 17. d4 Qb8 18. a3 Nc6 19. d5 exd5 20. exd5 Nce5 21. Rfd1 Bb7 22. Ne3 b5 23. Rd2 a5 24. Nxe5 Bxe5 25. f4 Bf6 26. Bxf6 Nxf6 27. Rcd1 c4 28. Kh1 Qa7 29. Nf5 Ba8 30. bxc4 bxc4 31. d6 Rc5 32. Qc2 Bxg2+ 33. Rxg2 Qb7 34. h3 c3 35. Kh2 Qe4 36. Nh4 g6 37. Qf2 Qc6 38. Nf3 Rxd6 39. Rxd6 Qxd6 40. Ne1 Rd5 41. Qe3 Qxa3 42. Rc2 Rd2+ 43. Rxd2 cxd2 44. Qxd2 Qb4 45. Qe2 Qc3 46. f5 a4 47. fxg6 hxg6 48. Nc2 a3 49. g4 a2 50. Qd1 Qxc2+ 51. Qxc2 a1=Q 52. Qe2 Qd4 53. Kg2 Nd5 54. Kh2 Qe3 55. Qd1 Qf2+ 56. Kh1 Nf4 57. Qd8+ Kg7 58. Qa8 Ne2 59. Qa1+ Kh7 0-1

[Event "CAN-ch Universities"]
[Site "Montreal CAN"]
[Date "2025.01.24"]
[Round "1.44"]
[White "Wang, Bingfei"]
[Black "Liao, Minyan"]
[Result "1-0"]
[WhiteElo "2071"]
[BlackElo "1847"]
[WhiteFideId "-1"]
[WhiteFideId "-1"]
[PlyCount "107"]
[GameId "2144521137811622"]
[EventDate "2025.01.24"]
[EventType "team"]
[EventRounds "5"]
[EventCountry "CAN"]
[WhiteTeam "U Toronto B"]
[BlackTeam "McGill B"]

1. d4 d5 2. c4 e6 3. Nc3 a6 4. cxd5 exd5 5. Bf4 Nf6 6. e3 c5 7. Nf3 c4 8. Be2 b5 9. a3 Bb7 10. Ne5 Be7 11. h4 Nbd7 12. g4 Nxe5 13. Bxe5 Bd6 14. Bf3 Bxe5 15. dxe5 Nxg4 16. Bxg4 d4 17. Bf3 Bxf3 18. Qxf3 dxc3 19. Qc6+ Kf8 20. bxc3 Qe8 21. Qe4 Rd8 22. Ke2 h5 23. Rhd1 Rh6 24. Rxd8 Qxd8 25. Rd1 Qe8 26. Rd5 Rb6 27. Qh7 Rh6 28. Qf5 Qe6 29. Rd8+ Ke7 30. Qg5+ f6 31. exf6+ Qxf6 32. Qd5 Qe6 33. Qa8 Qg4+ 34. Kd2 Rd6+ 35. Rxd6 Kxd6 36. Qxa6+ Ke7 37. Qa7+ Ke6 38. Qb6+ Ke7 39. Qc7+ Kf6 40. Qd6+ Kf7 41. Qd5+ Ke7 42. Qe5+ Kf7 43. Qd5+ Ke7 44. Qd4 Qf5 45. Qxg7+ Kd6 46. Qh6+ Kc7 47. Qf4+ Qxf4 48. exf4 Kb6 49. f5 Kc5 50. Ke3 Kd5 51. Kf4 Kc5 52. f6 Kd6 53. Kg5 Ke6 54. Kg6 1-0

[Event "CAN-ch Universities"]
[Site "Montreal CAN"]
[Date "2025.01.24"]
[Round "1.51"]
[White "Hua, Eugene"]
[Black "Li, Yi Lin"]
[Result "1-0"]
[WhiteElo "2337"]
[BlackElo "2044"]
[WhiteFideId "-1"]
[WhiteFideId "-1"]
[PlyCount "63"]
[GameId "2144521137811623"]
[EventDate "2025.01.24"]
[EventType "team"]
[EventRounds "5"]
[EventCountry "CAN"]
[WhiteTeam "McMaster A"]
[BlackTeam "Waterloo B"]

1. d4 Nf6 2. Nf3 d5 3. Bf4 e6 4. e3 Be7 5. Nbd2 Nh5 6. Be5 f6 7. Bg3 Nd7 8. Ng5 fxg5 9. Qxh5+ g6 10. Qd1 Bf6 11. c4 c6 12. Bd3 Qe7 13. O-O O-O 14. c5 Qg7 15. Bd6 Re8 16. b4 e5 17. e4 exd4 18. exd5 cxd5 19. Qa4 Be5 20. Rae1 Qf7 21. Nf3 Bxd6 22. cxd6 Nf6 23. Ne5 Qg7 24. Re2 Rd8 25. Rfe1 Rxd6 26. Nf3 Bd7 27. b5 Ne4 28. Qb4 Rb6 29. Nxd4 Bf5 30. f3 Ng3 31. Re8+ Rxe8 32. Rxe8+ 1-0

[Event "CAN-ch Universities"]
[Site "Montreal CAN"]
[Date "2025.01.24"]
[Round "1.52"]
[White "Ramesh, Sanjay"]
[Black "Gao, Raymond"]
[Result "0-1"]
[WhiteElo "2017"]
[BlackElo "2216"]
[WhiteFideId "-1"]
[WhiteFideId "-1"]
[PlyCount "100"]
[GameId "2144521137811624"]
[EventDate "2025.01.24"]
[EventType "team"]
[EventRounds "5"]
[EventCountry "CAN"]
[WhiteTeam "Waterloo B"]
[BlackTeam "McMaster A"]

1. d4 Nf6 2. c4 e6 3. Nc3 Bb4 4. Nf3 d5 5. cxd5 exd5 6. Qc2 O-O 7. Bg5 h6 8. Bh4 b6 9. e3 c5 10. Be2 Nc6 11. O-O g5 12. Bg3 c4 13. Ne5 Nxe5 14. Bxe5 Bxc3 15. bxc3 Nd7 16. f4 Qe7 17. Bf3 Bb7 18. Bg4 Bc8 19. Bxd7 Bxd7 20. fxg5 f5 21. gxf6 Qh7 22. Qf2 Kf7 23. Qh4 Rg8 24. Bg3 Be6 25. Qf4 Rad8 26. Rae1 Rg4 27. Qc7+ Rd7 28. Qb8 h5 29. h3 Rg8 30. Qf4 Qc2 31. Kh2 Qxc3 32. Qh6 Qd3 33. Qxh5+ Qg6 34. Qxg6+ Rxg6 35. Be5 b5 36. Rb1 Rb7 37. g4 b4 38. Kg3 a5 39. Kf4 Rg8 40. g5 Rh8 41. Rg1 Rh4+ 42. Kf3 Rxh3+ 43. Ke2 Bf5 44. Rh1 Rxh1 45. Rxh1 b3 46. axb3 cxb3 47. Bd6 b2 48. Rh8 b1=Q 49. Rf8+ Ke6 50. f7 Rb2+ 0-1

[Event "CAN-ch Universities"]
[Site "Montreal CAN"]
[Date "2025.01.24"]
[Round "1.53"]
[White "Zaka, Mohid"]
[Black "Qiu, Andrew Yu"]
[Result "0-1"]
[WhiteElo "1948"]
[BlackElo "1964"]
[WhiteFideId "-1"]
[WhiteFideId "-1"]
[PlyCount "94"]
[GameId "2144521137811625"]
[EventDate "2025.01.24"]
[EventType "team"]
[EventRounds "5"]
[EventCountry "CAN"]
[WhiteTeam "McMaster A"]
[BlackTeam "Waterloo B"]

1. Nf3 Nf6 2. b3 g6 3. Bb2 Bg7 4. e3 d5 5. Be2 O-O 6. O-O c5 7. d4 b6 8. c4 e6 9. dxc5 bxc5 10. cxd5 exd5 11. Nbd2 Bb7 12. Qc2 Nbd7 13. Rac1 Rc8 14. Rfd1 Re8 15. Bf1 Qb6 16. h3 a5 17. Bd3 Ba6 18. Nb1 Bb7 19. Nbd2 Qc6 20. Bf1 Ba6 21. Bxa6 Qxa6 22. Nb1 Qc6 23. Nc3 Nb6 24. a4 Nfd7 25. Nb5 Qe6 26. Bxg7 Kxg7 27. Qc3+ Kg8 28. Qxa5 Rc6 29. Qc3 Rcc8 30. Na7 Ra8 31. Nb5 Rac8 32. Ng5 Qf5 33. h4 Rc6 34. Na7 Rf6 35. Qc2 Qe5 36. Qd2 Qb8 37. Nb5 Rd8 38. Nc3 Ne5 39. Nce4 Rc6 40. Nxc5 Rdc8 41. Nd3 Ng4 42. Nf3 Rxc1 43. Rxc1 Rxc1+ 44. Nxc1 Qd6 45. a5 Nd7 46. Nd3 Ndf6 47. Nf4 Qa3 {time} 0-1

[Event "CAN-ch Universities"]
[Site "Montreal CAN"]
[Date "2025.01.24"]
[Round "1.54"]
[White "Yang, Brooke"]
[Black "Wong, Francisco"]
[Result "0-1"]
[WhiteElo "1510"]
[BlackElo "2002"]
[WhiteFideId "-1"]
[WhiteFideId "-1"]
[PlyCount "64"]
[GameId "2144521137811626"]
[EventDate "2025.01.24"]
[EventType "team"]
[EventRounds "5"]
[EventCountry "CAN"]
[WhiteTeam "Waterloo B"]
[BlackTeam "McMaster A"]

1. e4 c5 2. Nf3 a6 3. c3 Nf6 4. e5 Nd5 5. d4 cxd4 6. cxd4 d6 7. Bc4 e6 8. Qb3 dxe5 9. dxe5 b5 10. Bd3 Nd7 11. Be2 Qc7 12. O-O Be7 13. Re1 O-O 14. Bf1 Bb7 15. Nbd2 Nc5 16. Qc2 Rac8 17. a3 Qb6 18. Qb1 Rfd8 19. Qa2 Nf4 20. Re3 Ncd3 21. Bxd3 Nxd3 22. Nb3 Nxc1 23. Rxc1 Rxc1+ 24. Nxc1 Bxf3 25. gxf3 Rd1+ 26. Kg2 Rxc1 27. b4 Qd4 28. Qe2 Qd1 29. Qxd1 Rxd1 30. Rc3 Ra1 31. f4 g6 32. Kf3 a5 0-1

[Event "CAN-ch Universities"]
[Site "Montreal CAN"]
[Date "2025.01.24"]
[Round "1.61"]
[White "Byl, Oliver"]
[Black "Yu, Zong Yang"]
[Result "0-1"]
[WhiteElo "1819"]
[BlackElo "2477"]
[WhiteFideId "-1"]
[WhiteFideId "-1"]
[PlyCount "130"]
[GameId "2144521137811627"]
[EventDate "2025.01.24"]
[EventType "team"]
[EventRounds "5"]
[EventCountry "CAN"]
[WhiteTeam "U Ottawa B"]
[BlackTeam "U de Montreal A"]

1. d4 Nf6 2. Nf3 g6 3. g3 Bg7 4. Bg2 O-O 5. O-O d6 6. Re1 Nc6 7. d5 Nb8 8. e4 e5 9. dxe6 Bxe6 10. Nc3 Nc6 11. Nd5 h6 12. c3 Re8 13. h3 Kh7 14. a4 Qd7 15. Kh2 Rad8 16. a5 a6 17. Nf4 Bc4 18. Nd2 Be6 19. Nf3 Qc8 20. Nxe6 Rxe6 21. Nd4 Re7 22. Nxc6 bxc6 23. Qa4 Qb7 24. Rb1 Rde8 25. Bd2 Qb5 26. Qxb5 cxb5 27. f3 Nd7 28. Bf1 Ne5 29. Kg2 Nc4 30. Bxc4 bxc4 31. Kf2 Rb8 32. Be3 Re5 33. Bd4 Rxa5 34. Bxg7 Kxg7 35. f4 Ra2 36. Re2 Kf6 37. Ke3 c5 38. Rd2 Ke6 39. g4 Rb6 40. f5+ Ke7 41. h4 a5 42. Kf4 a4 43. e5 dxe5+ 44. Kxe5 gxf5 45. Kxf5 Rf6+ 46. Ke4 Re6+ 47. Kf4 Rf6+ 48. Ke4 a3 49. g5 hxg5 50. hxg5 Rb6 51. Kf5 Raxb2 52. Re1+ Re6 53. Rxb2 axb2 54. Rb1 Re2 55. Kf4 Ke6 56. Kf3 Rc2 57. Ke4 Kd6 58. Rd1+ Kc7 59. Rb1 Kc6 60. Ke5 Rf2 61. Ke4 Kb5 62. Kd5 Rd2+ 63. Ke5 Ka4 64. Kf6 Rf2+ 65. Ke5 Kb3 0-1

[Event "CAN-ch Universities"]
[Site "Montreal CAN"]
[Date "2025.01.24"]
[Round "1.62"]
[White "Hebrard, Emmanuel"]
[Black "McCulloch, Matteus"]
[Result "1-0"]
[WhiteElo "2002"]
[BlackElo "1863"]
[WhiteFideId "-1"]
[WhiteFideId "-1"]
[PlyCount "55"]
[GameId "2144521137811628"]
[EventDate "2025.01.24"]
[EventType "team"]
[EventRounds "5"]
[EventCountry "CAN"]
[WhiteTeam "U de Montreal A"]
[BlackTeam "U Ottawa B"]

1. f4 Nh6 2. Nf3 g6 3. g3 Bg7 4. Bg2 d5 5. c3 c5 6. d3 Nc6 7. O-O O-O 8. Na3 b6 9. e4 d4 10. c4 e5 11. fxe5 Ng4 12. Nc2 Ngxe5 13. Nxe5 Nxe5 14. Bf4 Bg4 15. Qd2 Qd7 16. b4 Rab8 17. a4 Rb7 18. a5 h6 19. Rfb1 Nxc4 20. dxc4 d3 21. Ne3 Bxa1 22. Rxa1 g5 23. Be5 cxb4 24. a6 Rbb8 25. Bxb8 Rxb8 26. Nd5 Qd6 27. Qxd3 Be6 28. Nf6+ 1-0

[Event "CAN-ch Universities"]
[Site "Montreal CAN"]
[Date "2025.01.24"]
[Round "1.63"]
[White "Shah, Mustafa"]
[Black "Atmani, Amine"]
[Result "1-0"]
[WhiteElo "1745"]
[BlackElo "1995"]
[WhiteFideId "-1"]
[WhiteFideId "-1"]
[PlyCount "70"]
[GameId "2144521137811629"]
[EventDate "2025.01.24"]
[EventType "team"]
[EventRounds "5"]
[EventCountry "CAN"]
[WhiteTeam "U Ottawa B"]
[BlackTeam "U de Montreal A"]

1. d4 Nf6 2. Nf3 g6 3. Bf4 d6 4. h3 Bg7 5. e3 O-O 6. Be2 Nc6 7. c3 Bd7 8. O-O Nd5 9. Bh2 Nb6 10. Nbd2 e5 11. dxe5 dxe5 12. Nc4 Qe7 13. Qc2 Nxc4 14. Bxc4 Qc5 15. Be2 h6 16. a3 Be6 17. b4 Qe7 18. Rad1 Rfe8 19. Rd2 f5 20. Rfd1 Qf7 21. c4 g5 22. b5 e4 23. bxc6 exf3 24. Bxf3 bxc6 25. Bxc6 Rab8 26. Bxe8 Rxe8 27. Rd8 c5 28. Rxe8+ Qxe8 29. Bc7 Bf6 30. Rb1 Qc6 31. Rb8+ Kg7 32. Bg3 Qa6 33. Qb3 Bc8 34. Qb5 Be7 35. Qe8 Qc6 1-0

[Event "CAN-ch Universities"]
[Site "Montreal CAN"]
[Date "2025.01.24"]
[Round "1.64"]
[White "Janelle, Karl"]
[Black "Sharifi, Sam"]
[Result "0-1"]
[WhiteElo "1954"]
[BlackElo "1739"]
[WhiteFideId "-1"]
[WhiteFideId "-1"]
[PlyCount "102"]
[GameId "2144521137811630"]
[EventDate "2025.01.24"]
[EventType "team"]
[EventRounds "5"]
[EventCountry "CAN"]
[WhiteTeam "U de Montreal A"]
[BlackTeam "U Ottawa B"]

1. e4 c5 2. Nc3 Nc6 3. d3 g6 4. g3 Bg7 5. Bg2 d6 6. Nd5 e6 7. Ne3 Nge7 8. Ne2 O-O 9. O-O Bd7 10. f4 f5 11. c3 Qb6 12. Kh1 Kh8 13. Ng1 Be8 14. Nh3 Bf7 15. g4 Bg8 16. gxf5 exf5 17. Nd5 Nxd5 18. exd5 Ne7 19. c4 h6 20. Rb1 Bf7 21. Bd2 a5 22. Qc2 Ng8 23. Bc3 Nf6 24. b3 Ng4 25. Bxg7+ Kxg7 26. Qb2+ Kh7 27. Rfe1 Rae8 28. Qd2 Qb4 29. Qxb4 axb4 30. Bf3 Nf6 31. Kg2 b5 32. Kf2 bxc4 33. dxc4 Ra8 34. Rb2 Ra7 35. Ree2 Kg7 36. Kg3 Bg8 37. Re3 Rfa8 38. Ree2 Bf7 39. Kh4 Be8 40. Kg3 Bd7 41. Kh4 Kf7 42. Nf2 Nh7 43. Nh3 Kf6 44. Rg2 Be8 45. Rbe2 Bf7 46. Rd2 g5+ 47. fxg5+ hxg5+ 48. Nxg5 Nxg5 49. Rxg5 Rh8+ 50. Bh5 Bxh5 51. Rxh5 Rxh5+ 0-1